| 000 | 00547nam a22001577a 4500 | ||
|---|---|---|---|
| 999 |
_c531585 _d531585 |
||
| 003 | NUST | ||
| 005 | 20191021121404.0 | ||
| 008 | 191021b ||||| |||| 00| 0 eng d | ||
| 038 | _aNusrat Nadeem | ||
| 082 | _a004 MEH | ||
| 100 |
_a Liaqat Mehreen _924461 |
||
| 245 |
_aMS/Thesis:Combined Ligand and Structure Based Studies to Design Potential Modulators of Insulin like Growth Factor 1 Receptor (IGF-1R) in Breast Cancer _cMehreen Liaqat |
||
| 260 |
_aIslamabad _bRCMS NUST _c2019 |
||
| 700 | _4Dr. Ishrat Jabeen(Supervisor) | ||
| 942 |
_2ddc _cTHE |
||